| 000 | 00458cam a2200181ua 4500 | ||
|---|---|---|---|
| 020 | _c1800.00 | ||
| 041 |
_aeng _h |
||
| 082 |
_a635 _bPET/BI |
||
| 100 | _aPeter, K V. | ||
| 245 | 0 | 0 |
_aBiodiversity in horticultural crops, vol.1 / _cK V Peter. _hTextual Documents |
| 260 |
_aDelhi : _bDaya Publishing house , _c2007. |
||
| 300 | _a364 ; . | ||
| 365 | _a1800.00 | ||
| 504 | _a | ||
| 700 | 1 | _aAbraham, Z . | |
| 942 | _cBK | ||
| 999 |
_c13302 _d13302 |
||